000 00434nam a22001457a 4500
020 _a9789692380119
082 _a359.00941
_bSAR
100 _aNaeem Sarfraz
245 _aAdmirals of peace: confidence and cooperation in South Asian waters CCSAW/
_cNaeem Sarfraz
260 _aIslamabad:
_bThe Lord Sarfraz Foundation;
_c2023.
300 _a310p.
563 _aHB
650 _aMaritime
_aAdmirals
_9119533
942 _2ddc
_cBK
999 _c607220
_d607220